000 00223nam a22001097a 4500
999 _c67156
_d67153
082 _a658.4034PAN
100 _aPanneerrsel Vam.R
245 _aOperating Research
260 _aPakistan
_c2012
300 _a608p
942 _cBK